Zwycięzcy ligi mistrzów-nagła śmierć - Statystyki

Ogólne statystyki
  • Ten quiz został rozwiązany 76 razy
  • Średni wynik to 7 z 9
Answers on the Grid
Answers color-coded by a green-red scale on the quiz's grid according to % correct below.
Real Madryt
Atletico Madryt
Bayer Leverkusen
Crvena zvezda Belgrad
Steaua Bukareszt
Legia Warszawa
Fc Barcelona
Borussia Dortmund
Olympique Lyon
Paris Saint Germain
Fiorentina
AC Milan
Liverpool
Newcastle United
Celtic Glasgow
 
Statystyki odpowiedzi
Odpowiedź % Poprawnych
Real Madryt
100%
Fc Barcelona
91%
Liverpool
82%
AC Milan
78%
Paris Saint Germain
78%
Borussia Dortmund
64%
Celtic Glasgow
64%
Crvena zvezda Belgrad
64%
Steaua Bukareszt
58%
Nie znaleziono quizów pasujących do podanych kryteriów
Rozkład punktacji
Procent ludzi z każdym wynikiem
Percentyl według liczby udzielonych odpowiedzi
Twoja historia wyników
Nie rozwiązałeś tego quizu